Jacques Lacan : lo simbólico y lo imaginario /

Obra que se propone precisar el aporte de Jacques Lacan a la teoría analítica a partir de la revisión tanto de lo simbólico y lo imaginario, como de su inscripción en en el estudio del lenguaje.

Enregistré dans:
Détails bibliographiques
Auteur principal: Palmier, Jean-Michel (autor)
Format: Livre
Langue:espagnol
Publié: Buenos Aires, Argentina : Proteo, 1971, c1971
Collection:(Biblioteca Campo Freudiano. Temas y Problemas del Psicoanálisis ; 3)
Sujets:
Tags: Ajouter un tag
Pas de tags, Soyez le premier à ajouter un tag!

MARC

LEADER 00000nam^a2200000^a^4500
001 000137999
005 20250521000000.0
009 20260310095414.841
037 |a Acervo ITESO - Biblioteca 
041 |a ESP 
082 |a 150. 1957  |b LAC CRI PAL 
100 |a Palmier, Jean-Michel  |e (autor) 
245 1 0 |a Jacques Lacan :  |b lo simbólico y lo imaginario /  |c J.M. Palmier ; tr. por Hugo Acevedo. 
264 4 |a Buenos Aires, Argentina :  |b Proteo,  |c 1971, c1971 
300 |a 150 p. 
336 |a texto  |b txt  |2 rdacontenido 
337 |a sin mediación  |b n  |2 rdamedio 
338 |a volumen  |b nc  |2 rdasoporte 
440 1 |a (Biblioteca Campo Freudiano.  |p Temas y Problemas del Psicoanálisis ;  |v 3) 
500 |a Traducción de: Lacan, le symbolique et l'imaginaire 
520 |a Obra que se propone precisar el aporte de Jacques Lacan a la teoría analítica a partir de la revisión tanto de lo simbólico y lo imaginario, como de su inscripción en en el estudio del lenguaje. 
649 |a XX 
650 |a Estadio del Espejo 
650 |a Yo (Psicoanálisis) 
650 |a Diferencia y Otredad 
650 |a Significante 
650 |a Psicoanálisis y Semiótica 
650 |a Inconsciente 
650 |a Estructuralismo 
650 |a Psicoanálisis Lacaniano 
650 |a Escuela Francesa de Psicoanálisis 
650 |a Psicoanálisis Freudiano 
650 |a Psicología Clínica 
910 |a Fondo Armando Suárez Gómez 
920 |a Impresos - Libros 
930 |a Fondos Especiales 
905 |a 111 
901 |a 0700002053  |b IT2  |c ESP  |u 20250521 
902 |a https://opac.biblio.iteso.mx/vufind/Record/000137999